Build a Word Quiz Stats

Quiz Updated Jul 31, 2015

Challenge
Share
Tweet
Score 0/24 Timer 05:00
5 Plays Today
% Correct
U
95.7%
E
93.3%
EE
92.5%
OO
92.4%
EEE
91.9%
III
91.6%
II
90.5%
IIIII
89.6%
AA
89.1%
A
83.9%
OOO
83.1%
AAA
76.6%
% Correct
EEEEE
74.2%
OOOO
74.1%
EEEE
73.3%
IIII
69.4%
AAAAA
62.5%
AAAA
62.2%
UUU
61.4%
O
60.7%
OOOOO
52.6%
UU
51.5%
I
49.3%
UUUU
28.8%

You're not logged in!

Compare scores with friends on all Sporcle quizzes.
Join for Free
OR
Log In

You Might Also Like...

Show Comments

Extras

Top Quizzes Today


Score Distribution

Your Account Isn't Verified!

In order to create a playlist on Sporcle, you need to verify the email address you used during registration. Go to your Sporcle Settings to finish the process.

Report this User

Report this user for behavior that violates our Community Guidelines.

Details: